Catálogo

Bibiográfico

Andrea Palladio / (Registro nro. 11834)

Detalles MARC
000 -CABECERA
campo de control de longitud fija 00840cam a22002412 4500
001 - NÚMERO DE CONTROL
campo de control 0000011391
005 - FECHA Y HORA DE LA ÚLTIMA TRANSACCIÓN
campo de control 20220502110740.0
008 - DATOS DE LONGITUD FIJA--INFORMACIÓN GENERAL
campo de control de longitud fija 060911s2002 xxa 000 0 spa d
040 ## - FUENTE DE LA CATALOGACIÓN
Centro catalogador/agencia de origen Taller 5
041 1# - CÓDIGO DE LENGUA
Código de lengua del texto/banda sonora o título independiente spa
245 00 - MENCIÓN DE TÍTULO
Título Andrea Palladio /
Mención de responsabilidad, etc. editor Paco Asensio, fotografías Pino Guidolotti.
260 ## - PUBLICACIÓN, DISTRIBUCIÓN, ETC.
Lugar de publicación, distribución, etc. Barcelona :
Nombre del editor, distribuidor, etc. H-Kliczkowski - Onlybook,
Fecha de publicación, distribución, etc. 2002.
300 ## - DESCRIPCIÓN FÍSICA
Extensión 79 p. :
Otras características físicas il. ;
Dimensiones 16 cm.
500 ## - NOTA GENERAL
Nota general Colección Externa (Diseño de Interiores)
590 ## - NOTA LOCAL (RLIN)
Nota local 200612
590 ## - NOTA LOCAL (RLIN)
Nota local TECNICA PROFESIONAL EN DISEÑO DE INTERIORES
600 10 - PUNTO DE ACCESO ADICIONAL DE MATERIA--NOMBRE DE PERSONA
Nombre de persona PALLADIO, ANDREA,
Fechas asociadas al nombre 1508-1580
Subdivisión general TRABAJOS ARQUITECTÓNICOS.
9 (RLIN) 100203
650 #0 - PUNTO DE ACCESO ADICIONAL DE MATERIA--TÉRMINO DE MATERIA
Término de materia o nombre geográfico como elemento de entrada ARQUITECTURA ITALIANA.
9 (RLIN) 93986
700 1# - ENTRADA AGREGADA--NOMBRE PERSONAL
Nombre de persona Asensio, Paco,
Término indicativo de función/relación Ed.
9 (RLIN) 81757
700 1# - ENTRADA AGREGADA--NOMBRE PERSONAL
Nombre de persona Guidolotti, Pino,
Término indicativo de función/relación Fot.
9 (RLIN) 100204
908 ## - COLOCAR PARÁMETRO DE COMANDO (RLIN)
Colocar parámetro de comando 060911
Existencias
Estado de retiro Estado de pérdida Estado dañado No para préstamo Código de colección Localización permanente Ubicación/localización actual Fecha de adquisición Total de préstamos Signatura topográfica completa Código de barras Fecha visto por última vez Número de copia Precio válido a partir de Tipo de ítem Koha
        Colección General Taller 5 Taller 5 29/04/2022   724.1 A53 T50011159 29/04/2022 Ej.1 29/04/2022 Libro-General
        Colección General Taller 5 Taller 5 29/04/2022   724.1 A53 T50001657 29/04/2022 Ej.2 29/04/2022 Libro-General

HORARIO: Lunes a Viernes de 8:00am a 1:00 pm y de 2:00 pm a 5:00 pm – Sábados de 8:00am a 12:00m.

Somos la U del Diseño / Somos Taller 5